| 000 | 00732cab a22002175a 4500 | ||
|---|---|---|---|
| 001 | L153032 | ||
| 008 | 110525e20110514xxk 000 0 eng d | ||
| 035 | _a(Sirsi) u153032 | ||
| 041 | 0 | _aeng | |
| 100 | 1 | _aHarris, David | |
| 245 | 0 | 0 |
_aFocus _bhealthcare |
| 260 | _c2011 | ||
| 490 |
_aEstates Gazette _v(1119) 14 May 2011, 65-77(10) |
||
| 520 | _aIncludes information on the design of care homes which can save money on running costs, problems for care homes caused by councils cutting fees and developments in the UK healthcare market. | ||
| 590 | _aKA | ||
| 651 | 4 | _aUnited Kingdom | |
| 690 | _aPROPERTY-COMMERCIAL PROPERTY-COMMERCIAL PROPERTY MARKET | ||
| 700 | 1 | _aThame, David | |
| 700 | 1 | _aQuinn, David | |
| 942 | _n0 | ||
| 999 |
_c83162 _d83162 |
||